000 00732nam a2200265 a 4500
001 25845
003 CO-ViMGA
008 141112s2004 ck r 000 u spa d
020 _a9789585810990
040 _aCO-ViMGA
_bspa
_cCO-ViMGA
041 _aSPA
082 0 4 _a927 J63h
100 1 _aJohnson, Paul, 1928 -
_940179
245 1 0 _aHumoristas /
_cPaul Johnson ; traducción Joan Eloi Roca
250 _a1a ed.
260 _aBogotá :
_bÁtico de los libros,
_c2013
300 _a302 p.
500 _aTítulo original : Humorists.
650 1 4 _aHUMORISTAS - BIOGRAFIAS
_940180
650 1 4 _aLO COMICO
_940181
650 1 4 _aRISA
_940182
650 1 4 _aSATIRA
_940183
700 1 _aRoca, Joan Eloi
_940184
942 _2ddc
_cBK
999 _c5410
_d5410